000 00346nam a22001457a 4500
020 _a978-1-4449-6493-6
082 _a823
_bROW/C
100 _aROWLING,J K
245 _aTHE CHRISTMAS PIG
246 _aTHE CHRISTMAS PIG
_bTHE CHRISTMAS PIG
260 _aU K
_bLITTLE BROWN BOOKS
_c2021
300 _a312
650 _aENGLISH FICTION
942 _cBK
999 _c8813
_d8813